| 000 | 01493 a2200205 4500 | ||
|---|---|---|---|
| 001 | 230 | ||
| 005 | 20260407155415.0 | ||
| 008 | 260407a2009 arg spa d | ||
| 003 | AR-UNSa-BCEJYS | ||
| 040 |
_aAR-UNSa-BCEJYS _bspa _cAR-UNSa-BCEJYS |
||
| 080 |
_a657.6 _xAuditoria (control interno) |
||
| 245 | 1 | 0 | _aAuditoría |
| 020 | _a978-987-01-0974-7 | ||
| 264 | 1 |
_aBuenos Aires : _bErrepar _c2009 |
|
| 300 |
_axxx, 609 p. _c21 cm. |
||
| 505 | _a1. Concepto e importancia social de la auditoría - 2. Las normas contables y de auditoría - 3. La auditoría como proceso de formación de un juicio - 4. Riesgos vinculados con el proceso de auditoría - 5. La independencia - 6. Documentación del trabajo - 7. Conocimiento del ente - 8. Conocimiento del objeto auditado y planificación general de la auditoría - 9. Cuestiones inherentes a la administración de la auditoría - 10. Conocimiento del sistema de control interno - 11. La evidencia de auditoría y la realización de procedimientos de validación de saldos - 12. Los riesgos de auditoría y las pruebas de validación de saldos aplicados a los rubros y a los procesos - 13. Muestreo para determinar las bases selectivas de la auditoría - 14. Trabajos de cierre de la auditoría - 15. Informe de auditoría - 16. Otros informes del contador público - 17. Responsabilidad del contador público - 18. Algunas cuestiones especiales | ||
| 942 | _cBK | ||
| 590 | _aniveau_biblio:m niveau_hierar:0 | ||
| 100 | 1 | _aMontanini, Gustavo Amado | |
| 999 |
_c145 _d145 |
||